Digital design (Record no. 188159)
[ view plain ]
| 000 -LEADER | |
|---|---|
| fixed length control field | 00469nam a2200181Ia 4500 |
| 005 - DATE AND TIME OF LATEST TRANSACTION | |
| control field | 20250417121916.0 |
| 008 - FIXED-LENGTH DATA ELEMENTS--GENERAL INFORMATION | |
| fixed length control field | 231217s9999 xx 000 0 und d |
| 020 ## - INTERNATIONAL STANDARD BOOK NUMBER | |
| International Standard Book Number | 9788131714508 |
| 082 ## - DEWEY DECIMAL CLASSIFICATION NUMBER | |
| Classification number | 621.381952 MAN;35 |
| 100 ## - MAIN ENTRY--PERSONAL NAME | |
| Personal name | Mano, M Morris. Ciletti, Michael D. |
| 245 #0 - TITLE STATEMENT | |
| Title | Digital design |
| 250 ## - EDITION STATEMENT | |
| Edition statement | 4th ed. |
| 260 ## - PUBLICATION, DISTRIBUTION, ETC. (IMPRINT) | |
| Date of publication, distribution, etc. | 2008 |
| Name of publisher, distributor, etc. | Dorling Kindersley |
| Place of publication, distribution, etc. | New Delhi |
| 300 ## - PHYSICAL DESCRIPTION | |
| Extent | xv, 623 |
| 500 ## - GENERAL NOTE | |
| General note | Content page available |
| 650 ## - SUBJECT ADDED ENTRY--TOPICAL TERM | |
| Topical term or geographic name as entry element | Digital |
| 942 ## - ADDED ENTRY ELEMENTS (KOHA) | |
| Koha item type | Books |
| Date last seen | Total Checkouts | Total Renewals | Full call number | Accession number | Old discount | Date checked out | Uniform Resource Identifier | Cost, replacement price | Price effective from | Category | Lost status | Damaged status | Department | Withdrawn status | bill no. | bill date | Permanent Location | Current Location | Shelving location | Entry date | Vendor | Cost, normal purchase price | Grants | Currency symbol | Conversion rate | Discount | Discount type | Public note |
|---|---|---|---|---|---|---|---|---|---|---|---|---|---|---|---|---|---|---|---|---|---|---|---|---|---|---|---|---|
| 16/12/2025 | 3 | 1 | 621.381952 MAN;35 | 70173 | 25 | 05/12/2025 | digital/contents/50548.pdf | 299.25 | 26/01/2024 | Books | Central Library | 2010/CR/0001684 | 25/02/2014 | Central Library | Central Library | Central Library | 28/08/2010 | Allied publ. | 399.00 | EC | RS | 1 | 99.75 | Rupees | ||||
| 03/10/2025 | 2 | 1 | 621.381952 MAN;40 | 77205 | 7 | 12/09/2025 | digital/contents/50548.pdf | 395.25 | 26/01/2024 | Books | Central Library | SBH/CRB/069808 | 09/11/2015 | Central Library | Central Library | SC-ST | 14/02/2011 | Sapna Book House | 425.00 | SC-ST | RS | 1 | 29.75 | Rupees | SC-ST(1815) | |||
| 25/09/2024 | 1 | 621.381952 MAN;41 | 77206 | 7 | 12/09/2024 | digital/contents/50548.pdf | 395.25 | 26/01/2024 | Books | Central Library | SBH/CRB/069808 | 09/11/2015 | Central Library | Central Library | SC-ST | 14/02/2011 | Sapna Book House | 425.00 | SC-ST | RS | 1 | 29.75 | Rupees | SC-ST(1816) |
